<?xml version="1.0" encoding="UTF-8"?>
<record
    xmlns:xsi="http://www.w3.org/2001/XMLSchema-instance"
    xsi:schemaLocation="http://www.loc.gov/MARC21/slim http://www.loc.gov/standards/marcxml/schema/MARC21slim.xsd"
    xmlns="http://www.loc.gov/MARC21/slim">

  <leader>04374namaa22004211i 4500</leader>
  <controlfield tag="003">OSt</controlfield>
  <controlfield tag="005">20260302084732.0</controlfield>
  <controlfield tag="008">250827s2024    ua a|||frm||| 000 0 eng d</controlfield>
  <datafield tag="040" ind1=" " ind2=" ">
    <subfield code="a">EG-GICUC</subfield>
    <subfield code="b">ara</subfield>
    <subfield code="c">EG-GICUC</subfield>
    <subfield code="d">EG-GICUC</subfield>
    <subfield code="e">rda</subfield>
  </datafield>
  <datafield tag="041" ind1="0" ind2=" ">
    <subfield code="a">ara</subfield>
    <subfield code="b">ara</subfield>
    <subfield code="b">eng</subfield>
  </datafield>
  <datafield tag="049" ind1=" " ind2=" ">
    <subfield code="a">&#x625;&#x64A;&#x62F;&#x627;&#x639;</subfield>
  </datafield>
  <datafield tag="082" ind1="0" ind2="4">
    <subfield code="a">302.544</subfield>
  </datafield>
  <datafield tag="092" ind1=" " ind2=" ">
    <subfield code="a">302.544</subfield>
    <subfield code="2">21</subfield>
  </datafield>
  <datafield tag="097" ind1=" " ind2=" ">
    <subfield code="a">&#x645;&#x640;&#x640;&#x640;&#x640;&#x627;&#x62C;&#x633;&#x62A;&#x64A;&#x631;</subfield>
  </datafield>
  <datafield tag="099" ind1=" " ind2=" ">
    <subfield code="a">Cai01.02.01.M.A.2024.&#x645;&#x647;.&#x62A;</subfield>
  </datafield>
  <datafield tag="100" ind1="0" ind2=" ">
    <subfield code="a">&#x60C;&#x645;&#x647;&#x627; &#x645;&#x62D;&#x645;&#x62F; &#x625;&#x633;&#x645;&#x627;&#x639;&#x64A;&#x644; &#x639;&#x628;&#x62F; &#x627;&#x644;&#x62D;&#x627;&#x641;&#x638; </subfield>
    <subfield code="e">&#x625;&#x639;&#x62F;&#x627;&#x62F;.</subfield>
  </datafield>
  <datafield tag="245" ind1="1" ind2="2">
    <subfield code="a">&#x627;&#x644;&#x62A;&#x62D;&#x644;&#x64A;&#x644; &#x627;&#x644;&#x633;&#x648;&#x633;&#x64A;&#x648;&#x644;&#x648;&#x686;&#x64A; &#x644;&#x638;&#x627;&#x647;&#x631;&#x629; &#x627;&#x644;&#x627;&#x63A;&#x62A;&#x631;&#x627;&#x628; &#x627;&#x644;&#x62B;&#x642;&#x627;&#x641;&#x64A; :  </subfield>
    <subfield code="b">&#x62F;&#x631;&#x627;&#x633;&#x629; &#x62A;&#x637;&#x628;&#x64A;&#x642;&#x64A;&#x629; &#x639;&#x644;&#x649; &#x639;&#x64A;&#x646;&#x629; &#x645;&#x646; &#x634;&#x631;&#x627;&#x626;&#x62D; &#x627;&#x644;&#x634;&#x628;&#x627;&#x628; &#x627;&#x644;&#x645;&#x635;&#x631;&#x64A; /</subfield>
    <subfield code="c">&#x625;&#x639;&#x62F;&#x627;&#x62F; &#x645;&#x647;&#x627; &#x645;&#x62D;&#x645;&#x62F; &#x625;&#x633;&#x645;&#x627;&#x639;&#x64A;&#x644; &#x639;&#x628;&#x62F; &#x627;&#x644;&#x62D;&#x627;&#x641;&#x638;&#x61B; &#x625;&#x634;&#x631;&#x627;&#x641; &#x623;.&#x62F;/ &#x623;&#x62D;&#x645;&#x62F; &#x645;&#x62C;&#x62F;&#x64A; &#x62D;&#x62C;&#x627;&#x632;&#x64A;&#x60C; &#x623;.&#x62F;/ &#x623;&#x645;&#x644; &#x62D;&#x633;&#x646; &#x623;&#x62D;&#x645;&#x62F; &#x641;&#x631;&#x627;&#x62C;.</subfield>
  </datafield>
  <datafield tag="246" ind1="1" ind2="5">
    <subfield code="a">The sociological analysis of cultural alienation phenomenon :   </subfield>
    <subfield code="b">An applied study on a sample an egyptian youth classes /</subfield>
  </datafield>
  <datafield tag="264" ind1=" " ind2="0">
    <subfield code="c">2024.</subfield>
  </datafield>
  <datafield tag="300" ind1=" " ind2=" ">
    <subfield code="a">257 &#x635;&#x641;&#x62D;&#x629; :</subfield>
    <subfield code="b">&#x625;&#x64A;&#x636;&#x627;&#x62D;&#x64A;&#x627;&#x62A; &#x61B; </subfield>
    <subfield code="c">25 cm. + </subfield>
    <subfield code="e">CD.</subfield>
  </datafield>
  <datafield tag="336" ind1=" " ind2=" ">
    <subfield code="a">text</subfield>
    <subfield code="2">rda content</subfield>
  </datafield>
  <datafield tag="337" ind1=" " ind2=" ">
    <subfield code="a">Unmediated</subfield>
    <subfield code="2">rdamedia</subfield>
  </datafield>
  <datafield tag="338" ind1=" " ind2=" ">
    <subfield code="a">volume</subfield>
    <subfield code="2">rdacarrier</subfield>
  </datafield>
  <datafield tag="502" ind1=" " ind2=" ">
    <subfield code="a">&#x623;&#x637;&#x631;&#x648;&#x62D;&#x629; (&#x645;&#x627;&#x62C;&#x633;&#x62A;&#x64A;&#x631;)-&#x62C;&#x627;&#x645;&#x639;&#x629; &#x627;&#x644;&#x642;&#x627;&#x647;&#x631;&#x629;&#x60C; 2024. </subfield>
  </datafield>
  <datafield tag="504" ind1=" " ind2=" ">
    <subfield code="a">&#x628;&#x644;&#x64A;&#x648;&#x62C;&#x631;&#x627;&#x641;&#x64A;&#x627;: &#x635;&#x641;&#x62D;&#x627;&#x62A; 232-240.</subfield>
  </datafield>
  <datafield tag="520" ind1=" " ind2=" ">
    <subfield code="a">&#x647;&#x62F;&#x641; &#x627;&#x644;&#x62F;&#x631;&#x627;&#x633;&#x629; &#x627;&#x644;&#x62A;&#x639;&#x631;&#x641; &#x639;&#x644;&#x649; &#x627;&#x644;&#x62A;&#x62D;&#x644;&#x64A;&#x644; &#x627;&#x644;&#x633;&#x648;&#x633;&#x64A;&#x648;&#x644;&#x648;&#x62C;&#x64A; &#x644;&#x644;&#x639;&#x648;&#x627;&#x645;&#x644; &#x627;&#x644;&#x645;&#x634;&#x643;&#x644;&#x629; &#x644;&#x644;&#x627;&#x63A;&#x62A;&#x631;&#x627;&#x628; &#x627;&#x644;&#x62B;&#x642;&#x627;&#x641;&#x64A; &#x644;&#x62F;&#x649; &#x627;&#x644;&#x634;&#x628;&#x627;&#x628;&#x60C; &#x648;&#x631;&#x635;&#x62F; &#x645;&#x638;&#x627;&#x647;&#x631; &#x627;&#x63A;&#x62A;&#x631;&#x627;&#x628; &#x627;&#x644;&#x634;&#x628;&#x627;&#x628; &#x627;&#x644;&#x645;&#x635;&#x631;&#x64A; &#x628;&#x634;&#x631;&#x627;&#x626;&#x62D;&#x647; &#x627;&#x644;&#x645;&#x62E;&#x62A;&#x644;&#x641;&#x629;&#x60C; &#x648;&#x62A;&#x62D;&#x62F;&#x64A;&#x62F; &#x623;&#x648;&#x62C;&#x647; &#x627;&#x644;&#x62A;&#x628;&#x627;&#x64A;&#x646; &#x628;&#x64A;&#x646; &#x627;&#x644;&#x634;&#x631;&#x627;&#x626;&#x62D; &#x627;&#x644;&#x634;&#x628;&#x627;&#x628;&#x64A;&#x629; &#x627;&#x644;&#x645;&#x62E;&#x62A;&#x644;&#x641;&#x629; &#x641;&#x64A; &#x627;&#x644;&#x634;&#x639;&#x648;&#x631; &#x628;&#x627;&#x644;&#x627;&#x63A;&#x62A;&#x631;&#x627;&#x628; &#x627;&#x644;&#x62B;&#x642;&#x627;&#x641;&#x64A;. &#x648;&#x644;&#x642;&#x62F; &#x627;&#x639;&#x62A;&#x645;&#x62F;&#x62A; &#x627;&#x644;&#x62F;&#x631;&#x627;&#x633;&#x629; &#x639;&#x644;&#x649; &#x645;&#x62F;&#x62E;&#x644; &#x627;&#x644;&#x62B;&#x642;&#x627;&#x641;&#x629; &#x627;&#x644;&#x641;&#x631;&#x639;&#x64A;&#x629;&#x60C; &#x648;&#x646;&#x638;&#x631;&#x64A;&#x629; &#x627;&#x644;&#x62A;&#x62D;&#x62F;&#x64A;&#x62B;&#x60C; &#x648;&#x646;&#x638;&#x631;&#x64A;&#x629; &#x627;&#x644;&#x63A;&#x631;&#x633; &#x627;&#x644;&#x62B;&#x642;&#x627;&#x641;&#x64A;&#x60C; &#x648;&#x646;&#x638;&#x631;&#x64A;&#x629; &#x627;&#x644;&#x645;&#x645;&#x627;&#x631;&#x633;&#x629; &#x639;&#x646;&#x62F; &#x628;&#x64A;&#x631;&#x628;&#x631;&#x62F;&#x64A;&#x648;&#x60C; &#x648;&#x627;&#x644;&#x645;&#x641;&#x647;&#x648;&#x645; &#x627;&#x644;&#x647;&#x627;&#x628;&#x631;&#x645;&#x633; &#x641;&#x64A; &#x62A;&#x634;&#x643;&#x64A;&#x644; &#x627;&#x644;&#x645;&#x634;&#x627;&#x631;&#x643;&#x629; &#x627;&#x644;&#x633;&#x64A;&#x627;&#x633;&#x64A;&#x629; &#x644;&#x62F;&#x649; &#x627;&#x644;&#x634;&#x628;&#x627;&#x628;&#x60C; &#x648;&#x627;&#x644;&#x639;&#x648;&#x644;&#x645;&#x629; &#x627;&#x644;&#x62B;&#x642;&#x627;&#x641;&#x64A;&#x629;&#x60C; &#x648;&#x646;&#x638;&#x631;&#x64A;&#x629; &#x645;&#x62C;&#x62A;&#x645;&#x639; &#x627;&#x644;&#x645;&#x62E;&#x627;&#x637;&#x631;&#x60C;  &#x648;&#x627;&#x639;&#x62A;&#x645;&#x62F;&#x62A; &#x627;&#x644;&#x62F;&#x631;&#x627;&#x633;&#x629; &#x639;&#x644;&#x649; &#x627;&#x644;&#x645;&#x646;&#x647;&#x62C; &#x627;&#x644;&#x648;&#x635;&#x641;&#x64A; &#x627;&#x644;&#x62A;&#x62D;&#x644;&#x64A;&#x644;&#x64A;&#x60C; &#x648;&#x62A;&#x645; &#x627;&#x633;&#x62A;&#x62E;&#x62F;&#x627;&#x645; &#x623;&#x62F;&#x627;&#x629; &#x627;&#x644;&#x627;&#x633;&#x62A;&#x628;&#x64A;&#x627;&#x646;&#x60C; &#x643;&#x645;&#x627; &#x623;&#x62C;&#x631;&#x64A;&#x62A; &#x627;&#x644;&#x62F;&#x631;&#x627;&#x633;&#x629; &#x639;&#x644;&#x649; &#x639;&#x64A;&#x646;&#x629; &#x62D;&#x62C;&#x645;&#x647;&#x627; 250 &#x645;&#x641;&#x631;&#x62F;&#x629; &#x645;&#x646; &#x627;&#x644;&#x634;&#x628;&#x627;&#x628; &#x627;&#x644;&#x645;&#x635;&#x631;&#x64A;.&#x646;&#x62A;&#x627;&#x626;&#x62C; &#x627;&#x644;&#x62F;&#x631;&#x627;&#x633;&#x629;: &#x64A;&#x639;&#x627;&#x646;&#x64A; &#x645;&#x639;&#x638;&#x645; &#x627;&#x644;&#x634;&#x628;&#x627;&#x628; &#x627;&#x644;&#x645;&#x635;&#x631;&#x64A; &#x645;&#x646; &#x627;&#x63A;&#x62A;&#x631;&#x627;&#x628; &#x62B;&#x642;&#x627;&#x641;&#x64A;&#x60C; &#x623;&#x633;&#x647;&#x645; &#x627;&#x644;&#x625;&#x639;&#x644;&#x627;&#x645; &#x641;&#x64A; &#x627;&#x646;&#x62A;&#x634;&#x627;&#x631; &#x627;&#x644;&#x627;&#x63A;&#x62A;&#x631;&#x627;&#x628; &#x627;&#x644;&#x62B;&#x642;&#x627;&#x641;&#x64A; &#x644;&#x62F;&#x649; &#x627;&#x644;&#x634;&#x628;&#x627;&#x628; &#x627;&#x644;&#x645;&#x635;&#x631;&#x64A;.</subfield>
  </datafield>
  <datafield tag="520" ind1=" " ind2=" ">
    <subfield code="a">The aim of the study is to identify the sociological analysis of the factors constituting cultural alienation among young people, monitor the manifestations of alienation of Egyptian youth in its different segments, and identify the differences between the different youth segments in the sense of cultural alienation. The study relied on the entrance to the subculture, the theory of modernization, the theory of cultural implantation, the theory of practice when Berberdieu, the concept of haberms in the formation of political participation among young people, cultural globalization, and the theory of the risk society, and the study relied on the descriptive analytical approach, and the questionnaire tool was used, and the study was conducted on a sample of 250 individuals of Egyptian youth.
The results of the study: Most Egyptian youth suffer from cultural alienation, the media contributed to the spread of cultural alienation among Egyptian youth. </subfield>
  </datafield>
  <datafield tag="530" ind1=" " ind2=" ">
    <subfield code="a">&#x635;&#x62F;&#x631; &#x623;&#x64A;&#x636;&#x64B;&#x627; &#x643;&#x642;&#x631;&#x635; &#x645;&#x62F;&#x645;&#x62C;.</subfield>
  </datafield>
  <datafield tag="546" ind1=" " ind2=" ">
    <subfield code="a">&#x627;&#x644;&#x646;&#x635; &#x628;&#x627;&#x644;&#x639;&#x631;&#x628;&#x64A;&#x629; &#x648;&#x627;&#x644;&#x645;&#x644;&#x62E;&#x635; &#x628;&#x627;&#x644;&#x644;&#x63A;&#x629; &#x627;&#x644;&#x625;&#x646;&#x62C;&#x644;&#x64A;&#x632;&#x64A;&#x629; &#x648;&#x627;&#x644;&#x639;&#x631;&#x628;&#x64A;&#x629;.</subfield>
  </datafield>
  <datafield tag="650" ind1=" " ind2="7">
    <subfield code="a">&#x627;&#x644;&#x627;&#x63A;&#x62A;&#x631;&#x627;&#x628;</subfield>
    <subfield code="2">qrmak</subfield>
  </datafield>
  <datafield tag="653" ind1=" " ind2="0">
    <subfield code="a">&#x627;&#x644;&#x627;&#x63A;&#x62A;&#x631;&#x627;&#x628; &#x627;&#x644;&#x62B;&#x642;&#x627;&#x641;&#x64A;</subfield>
    <subfield code="a">&#x627;&#x644;&#x634;&#x628;&#x627;&#x628;</subfield>
    <subfield code="a">&#x627;&#x644;&#x627;&#x62E;&#x62A;&#x631;&#x627;&#x642; &#x627;&#x644;&#x62B;&#x642;&#x627;&#x641;&#x64A;</subfield>
  </datafield>
  <datafield tag="700" ind1="0" ind2=" ">
    <subfield code="a">&#x623;&#x62D;&#x645;&#x62F; &#x645;&#x62C;&#x62F;&#x64A; &#x62D;&#x62C;&#x627;&#x632;&#x64A;</subfield>
    <subfield code="e">&#x645;&#x634;&#x631;&#x641; &#x623;&#x637;&#x631;&#x648;&#x62D;&#x629;.</subfield>
  </datafield>
  <datafield tag="700" ind1="0" ind2=" ">
    <subfield code="a">&#x623;&#x645;&#x644; &#x62D;&#x633;&#x646; &#x623;&#x62D;&#x645;&#x62F; &#x641;&#x631;&#x627;&#x62C;</subfield>
    <subfield code="e">&#x645;&#x634;&#x631;&#x641; &#x623;&#x637;&#x631;&#x648;&#x62D;&#x629;.</subfield>
  </datafield>
  <datafield tag="900" ind1=" " ind2=" ">
    <subfield code="b">25-09-2024</subfield>
    <subfield code="c">&#x623;&#x62D;&#x645;&#x62F; &#x645;&#x62C;&#x62F;&#x64A; &#x62D;&#x62C;&#x627;&#x632;&#x64A;</subfield>
    <subfield code="c">&#x623;&#x645;&#x644; &#x62D;&#x633;&#x646; &#x623;&#x62D;&#x645;&#x62F; &#x641;&#x631;&#x627;&#x62C;</subfield>
    <subfield code="d">&#x646;&#x62C;&#x644;&#x627;&#x621; &#x645;&#x62D;&#x645;&#x648;&#x62F; &#x631;&#x624;&#x648;&#x641; &#x627;&#x644;&#x633;&#x64A;&#x62F; &#x627;&#x644;&#x645;&#x635;&#x64A;&#x644;&#x62D;&#x649;</subfield>
    <subfield code="d">&#x641;&#x627;&#x637;&#x645;&#x629; &#x627;&#x644;&#x632;&#x647;&#x631;&#x627;&#x621; &#x639;&#x644;&#x649; &#x623;&#x645;&#x64A;&#x646;</subfield>
    <subfield code="U">&#x62C;&#x627;&#x645;&#x639;&#x629; &#x627;&#x644;&#x642;&#x627;&#x647;&#x631;&#x629; </subfield>
    <subfield code="F">&#x643;&#x644;&#x64A;&#x629; &#x627;&#x644;&#x622;&#x62F;&#x627;&#x628;</subfield>
    <subfield code="D">&#x642;&#x633;&#x645; &#x639;&#x644;&#x645; &#x627;&#x644;&#x627;&#x62C;&#x62A;&#x645;&#x627;&#x639;</subfield>
  </datafield>
  <datafield tag="905" ind1=" " ind2=" ">
    <subfield code="a">Sara</subfield>
    <subfield code="e">Afaf</subfield>
  </datafield>
  <datafield tag="942" ind1=" " ind2=" ">
    <subfield code="2">ddc</subfield>
    <subfield code="c">TH</subfield>
    <subfield code="e">21</subfield>
    <subfield code="n">0</subfield>
  </datafield>
  <datafield tag="999" ind1=" " ind2=" ">
    <subfield code="c">178268</subfield>
  </datafield>
  <datafield tag="952" ind1=" " ind2=" ">
    <subfield code="2">ddc</subfield>
    <subfield code="9">314522</subfield>
    <subfield code="a">CUCL</subfield>
    <subfield code="b">cl210</subfield>
    <subfield code="d">2026-02-09</subfield>
    <subfield code="i">32939</subfield>
    <subfield code="o">Cai01.02.01.M.A.2024.&#x645;&#x647;.&#x62A;</subfield>
    <subfield code="p">01010100032939000</subfield>
    <subfield code="r">2026-02-09 09:16:00</subfield>
    <subfield code="w">2026-02-09</subfield>
    <subfield code="y">TH</subfield>
  </datafield>
</record>
